Fundamentos psicológicos de la educación (Registro nro. 8257)
[ vista simple ]
| 000 -Cabecera | |
|---|---|
| Campo de control interno | 00426nam a2200181Ia 4500 |
| 005 - Fecha y hora del registro | |
| control field | 20260306160556.0 |
| 008 - Elementos de Longitud Fija | |
| fixed length control field | 260306t1970||||xx |||||||||||||| ||spa|| |
| 041 ## - Idioma | |
| Codigo Idioma | ESP |
| 082 ## - DEWEY y NOTACIÓN INTERNA | |
| Dewey | 370.152 |
| Notación Interna | P36 |
| 100 ## - AUTOR | |
| Autor denominación | Peel, E.A. |
| Término de relación | autor |
| 245 #0 - TÍTULO DE MATERIAL BIBLIOGRÁFICO | |
| Título | Fundamentos psicológicos de la educación |
| 260 ## - CIUDAD, EDITORIAL, AÑO | |
| Año | 1970 |
| 300 ## - DESCRIPCIÓN | |
| N° Páginas | 296 páginas : |
| Dimensiones | cm. |
| 650 ## - TEMAS | |
| Temas | Generalidades |
| 654 ## - PROGRAMAS | |
| Programa | Dpto. de Educación |
| 942 ## - ELEMENTOS DE KOHA | |
| Tipo de documento | Libro |
| Nombre del creador | Justo Noguera |
| Código de catalogador | Justo Noguera |
| Esquema de clasificación | Dewey Decimal Classification |
| Suppress in OPAC | |
| Codigo completo | Registro | Colección | Copia número | Disponibilidad | Tipo de préstamo | Biblioteca Actual | Procedencia (Biblioteca) | Ubicacón | Fecha Ingreso | Tipo de Adquisición | Date last seen | Total checkouts | Price effective from | Tipo de Item | Estado del Material | Fuente de Clasificación | Damaged status | Withdrawn status |
|---|---|---|---|---|---|---|---|---|---|---|---|---|---|---|---|---|---|---|
| 370.152 P36 | U0020027 | Universidad Católica San Pablo | 1 | Disponible | Disponible | Víctor Andrés Belaunde | Víctor Andrés Belaunde | Planta baja abierta | 03/06/2026 | Donación | 06/03/2026 | 06/03/2026 | Libro | Bueno | Dewey Decimal Classification |




